000 00759nam a2200205Ii 4500
003 JO-AjNU
008 230605s9999||||xx |||||||||||||| ||und||
017 _a2012/1/102
040 _aJO-AjNU
_bara
_erda
_cJO-AjNU
041 _aara
050 1 4 _aHC79.P6.B363.2012
100 3 _aالبنا، خليل,
_eauthor
_950082
245 0 0 _aالبنك الاجتماعي الحل الامثل لمشكلة الفقر(دراسة منهجية ورؤية فكرية)
264 3 1 _aعمان:المؤلف،2012
300 _a176ص
_bببليوجرافية : ص. 171-176
336 _atext
_btxt
_2rdacontent
337 _aunmediated
_bn
_2rdamedia
338 _avolume
_bnc
_2rdacarrier
650 4 _a الفقر -- جوانب اجتماعية -- الأردن 
_950083
999 _aA22038
_c25606
_d25606